00696nam a2200181 i 450000100060000000300090000600500170001500700030003200800410003510000340007624500770011026000800018730000320026771000450029985200320034499900170037695201210039372836ES-MaACL20230906171555.0t|040903s1958 sp ||||1| spa d1 aGomara Dallo, Jacinta.95773110aEstudio demográfico de la Industria de Elche / cJacinta Gomara Dallo. aAlicante : bInstituto de Estudios Alicantinos, c[1958] (fSucs. de Suchs) a142 p., 7 lám. ; c20 cm.2 aInstituto de Estudios Alicantinos.94886 aES-MaACLjC-14045 bR.41842 c72836d72836 00104070aATENEOMbATENEOMcSPALd2008-01-17eSCl0oC-14045p1076244r2023-02-23 00:00:00w2023-02-23yMONOGRAFIA